Countries with HDI's under 0.500 - Statistics

General Stats
  • This quiz has been taken 30 times
  • The average score is 12 of 14
Answer Stats
Hint Answer % Correct
0.416 Chad
96%
0.419 Mali
96%
0.388 South Sudan
96%
0.419 Niger
92%
0.404 Somalia
92%
0.459 Burkina Faso
88%
0.439 Burundi
88%
0.414 Central African Republic
88%
0.496 Afghanistan
81%
0.470 Yemen
81%
0.497 Ethiopia
73%
0.487 Madagascar
73%
0.493 Mozambique
73%
0.467 Sierra Leone
69%
No matching quizzes found
Score Distribution
Percent of People with Each Score
Percentile by Number Answered
Your Score History
You have not taken this quiz